000 00704nam a22002297a 4500
003 UA-OsUOA
001 87020
007 ta
008 20120913b un ||||| |||| 00| 0 ukr d
100 _aТрапезникова Н.
090 _a82.09
_bТ 65
942 _cBK
040 _aUA-OsUOA
_brus
_cUA-OsUOA
_dUA-OsUOA
245 _aРомантизм Ж. Санд
_bПроблема взаимосвязи романтизма и реализма во французской литературе XIX века
300 _a183 с.
955 _a3
041 _arus
080 _a82.09
260 _aКазань
_bКазанский университет
_c1976
650 7 _2UDC
999 _c373320
_d373320